Statystyki dla Największe miasta na półkuli południowej

Kliknij tutaj aby rozwiązać quiz!

Ogólne statystyki

  • Ten quiz został rozwiązany 3 854 razy
  • Średni wynik to 9 z 20

Statystyki odpowiedzi

LudnośćAglomeracja% Poprawnych
5,45 mlnSydney
88%
16,8 mlnBuenos Aires
87%
13,3 mlnRio de Janeiro
86%
22,7 mlnSao Paulo
70%
8,00 mlnSantiago
67%
28,6 mlnDżakarta
63%
4,10 mlnBrasilia
61%
14,5 mlnJohannesburg
61%
4,38 mlnKapsztad
59%
11,4 mlnLima
59%
5,15 mlnMelbourne
53%
14,5 mlnKinszasa
43%
6,30 mlnNairobi
39%
8,70 mlnLuanda
30%
6,75 mlnDar es Salaam
20%
5,10 mlnBelo Horizonte
17%
4,18 mlnPorto Alegre
16%
3,88 mlnRecife
13%
5,85 mlnSurabaja
8%
6,85 mlnBandung
7%

Rozkład punktacji

Percentyl według liczby udzielonych odpowiedzi

Procent ludzi z każdym wynikiem

Twoja historia wyników

Nie rozwiązałeś tego quizu